LEADER 02706nam 22004813 450 001 9911046688303321 005 20230823000124.0 010 $a9783736962415 010 $a373696241X 035 $a(CKB)4100000011393710 035 $a(MiAaPQ)EBC6313740 035 $a(Au-PeEL)EBL6313740 035 $a(OCoLC)1195470450 035 $a(Perlego)3154446 035 $a(Exl-AI)6313740 035 $a(EXLCZ)994100000011393710 100 $a20210901d2020 uy 0 101 0 $ager 135 $aurcnu|||||||| 181 $ctxt$2rdacontent 182 $cc$2rdamedia 183 $acr$2rdacarrier 200 10$aBewertung und Vergleich von Konzepten der CO2-armen Zementklinkherstellung auf Basis von CCS-Technologien 205 $a1st ed. 210 1$aGo?ttingen :$cCuvillier Verlag,$d2020. 210 4$d©2020. 215 $a1 online resource (171 pages) 311 08$a9783736972414 311 08$a3736972415 327 $aIntro -- 1 EINLEITUNG -- 2 STAND DES WISSENS -- 3 ALLGEMEINE BERECHNUNGS- UND VERGLEICHSGRUNDLAGEN -- 4 REFERENZKONZEPT -- 5 POST-COMBUSTION-CO2-CAPTURE (PCC) -- 6 FULL-OXYFUEL-CO2-CAPTURE (FOCC) -- 7 PARTIAL-OXYFUEL-CO2-CAPTURE (POCC) -- 8 KOMBINATION VON POCC UND PCC -- 9 SCHLUSSBETRACHTUNG. 330 8 $aZementwerke besitzen mit bis zu 7 % weltweit den zweitgro?ßten Anteil an CO2-Emissionen aus stationa?ren Quellen nach den Stromerzeugungsanlagen mit anna?hernd 80 %.In der vorliegenden Arbeit werden Konzepte der CO2-armen Zementklinkerherstellung auf Basis von CCS-Technologien (Carbon Capture and Storage) durch Simulationsmodelle berechnet und miteinander verglichen. Hier bieten sich die aus der Kraftwerkstechnik bekannten CO2-Abtrennungsverfahren Postcombustion-CO2-Capture (PCC), Oxyfuel-CO2-Capture (OCC) und Kombinationen von beiden an. Hauptkriterium fu?r die Bewertung ist der auf die vermiedenen CO2-Emis¬sio¬nen bezogene spezifische Prima?renergiemehrbedarf im Vergleich zu einem herko?mmlichen Zementwerk. Dadurch kann eine konkrete Empfehlung gegeben werden, welche CCS-Konzepte fu?r Zementwerke weiter verfolgt werden sollten. Diese Konzepte erweisen sich auch im Vergleich zu CCS-Konzepten fu?r Kraftwerke als a?ußerst gu?nstig. 606 $aCarbon dioxide mitigation$7Generated by AI 606 $aGreen technology$7Generated by AI 615 0$aCarbon dioxide mitigation 615 0$aGreen technology 700 $aOberhauser$b Sebastian$01869323 801 0$bMiAaPQ 801 1$bMiAaPQ 801 2$bMiAaPQ 906 $aBOOK 912 $a9911046688303321 996 $aBewertung und Vergleich von Konzepten der CO2-armen Zementklinkherstellung auf Basis von CCS-Technologien$94477462 997 $aUNINA